<?xml version="1.0" encoding="UTF-8"?>
<record
    xmlns:xsi="http://www.w3.org/2001/XMLSchema-instance"
    xsi:schemaLocation="http://www.loc.gov/MARC21/slim http://www.loc.gov/standards/marcxml/schema/MARC21slim.xsd"
    xmlns="http://www.loc.gov/MARC21/slim">

  <leader>01847nam a22002537a 4500</leader>
  <controlfield tag="005">20230327211731.0</controlfield>
  <controlfield tag="008">230327b           ||||| |||| 00| 0 eng d</controlfield>
  <datafield tag="020" ind1=" " ind2=" ">
    <subfield code="a">9786218179325</subfield>
  </datafield>
  <datafield tag="040" ind1=" " ind2=" ">
    <subfield code="a">CvSU-CCAT Campus Library.</subfield>
    <subfield code="c">CvSU-CCAT Campus Library.</subfield>
    <subfield code="e">rda.</subfield>
  </datafield>
  <datafield tag="041" ind1=" " ind2=" ">
    <subfield code="a">English.</subfield>
  </datafield>
  <datafield tag="050" ind1=" " ind2=" ">
    <subfield code="a">F NX 280</subfield>
    <subfield code="b">G73 2022</subfield>
  </datafield>
  <datafield tag="100" ind1=" " ind2=" ">
    <subfield code="a">Gravela, Katherine Grace Jose, author.</subfield>
    <subfield code="9">4424</subfield>
  </datafield>
  <datafield tag="245" ind1=" " ind2=" ">
    <subfield code="a">Art appreciation /</subfield>
    <subfield code="c">Katherine Grace Jose-Gravela.</subfield>
  </datafield>
  <datafield tag="260" ind1=" " ind2=" ">
    <subfield code="a">Sta. Cruz, Manila :</subfield>
    <subfield code="b">Edric Publishing House,</subfield>
    <subfield code="c">c2022.</subfield>
  </datafield>
  <datafield tag="300" ind1=" " ind2=" ">
    <subfield code="a">85 pages :</subfield>
    <subfield code="b">illustrations ;</subfield>
    <subfield code="c">25 cm</subfield>
  </datafield>
  <datafield tag="504" ind1=" " ind2=" ">
    <subfield code="a">Includes bibliography.</subfield>
  </datafield>
  <datafield tag="505" ind1=" " ind2=" ">
    <subfield code="a">Lesson 1 : Introduction to the course
Lesson 2 : Art appreciation : creativity, imagination and expression
Lesson 3 : Assumption of art
Lesson 4 : Visual arts
Lesson 5 : Functions of arts : personal, social, physical and philosophical
Lesson 6 : Type, source and kinds of subject
Lesson 7 : Managers, curators, buyers, collectors and art dealers
Lesson 8 : Medium and techniques
Lesson 9 : National artists
Lesson 10 : Elements of art, performance art, transcreation
Lesson 11 : Principles of design, rule of thirds
Lesson 12 : Art history
Lesson 13 : Instrumental music : baroque, classical, romantic and modern
Lesson 14 : Narratives, appropriation, borrowing and ownership
Lesson 15 : Acts of cultural appropriation
Lesson 16 : Textile art
Lesson 17 : Visual elements in the Philippine traditional motif and crafts
Lesson 18 : Symmetry art (Okir/Ukkil)
Lesson 19 : Improvisation in various artforms
Lesson 20 : Philippine indigenous art and GAMABA
Bibliography</subfield>
  </datafield>
  <datafield tag="541" ind1=" " ind2=" ">
    <subfield code="e">13170 c.1; 13171 c.2; 13172 c.3; 13173 c.4</subfield>
  </datafield>
  <datafield tag="546" ind1=" " ind2=" ">
    <subfield code="a">In English text.</subfield>
  </datafield>
  <datafield tag="650" ind1=" " ind2=" ">
    <subfield code="a">Art.</subfield>
    <subfield code="9">4052</subfield>
  </datafield>
  <datafield tag="650" ind1=" " ind2=" ">
    <subfield code="a">Art appreciation.</subfield>
    <subfield code="9">1265</subfield>
  </datafield>
  <datafield tag="650" ind1=" " ind2=" ">
    <subfield code="a">Art</subfield>
    <subfield code="y">History.</subfield>
    <subfield code="9">7500</subfield>
  </datafield>
  <datafield tag="942" ind1=" " ind2=" ">
    <subfield code="2">lcc</subfield>
    <subfield code="c">BK</subfield>
    <subfield code="h">NX 280 G73 2022</subfield>
    <subfield code="k">F</subfield>
  </datafield>
  <datafield tag="999" ind1=" " ind2=" ">
    <subfield code="c">2257</subfield>
    <subfield code="d">2257</subfield>
  </datafield>
  <datafield tag="952" ind1=" " ind2=" ">
    <subfield code="0">0</subfield>
    <subfield code="1">0</subfield>
    <subfield code="2">lcc</subfield>
    <subfield code="4">0</subfield>
    <subfield code="7">0</subfield>
    <subfield code="8">NF</subfield>
    <subfield code="a">CCATLIB</subfield>
    <subfield code="b">CCATLIB</subfield>
    <subfield code="c">F</subfield>
    <subfield code="d">2023-03-13</subfield>
    <subfield code="e">Purchased from Edric Publishing House</subfield>
    <subfield code="f">F</subfield>
    <subfield code="g">480.00</subfield>
    <subfield code="l">1</subfield>
    <subfield code="m">6</subfield>
    <subfield code="o">F NX 280 G73 2022</subfield>
    <subfield code="p">R0013170</subfield>
    <subfield code="q">2026-05-19</subfield>
    <subfield code="r">2026-02-19 03:16:48</subfield>
    <subfield code="s">2026-02-19</subfield>
    <subfield code="t">c.1</subfield>
    <subfield code="w">2023-03-27</subfield>
    <subfield code="y">BK</subfield>
  </datafield>
  <datafield tag="952" ind1=" " ind2=" ">
    <subfield code="0">0</subfield>
    <subfield code="1">0</subfield>
    <subfield code="2">lcc</subfield>
    <subfield code="4">0</subfield>
    <subfield code="7">0</subfield>
    <subfield code="8">NF</subfield>
    <subfield code="a">CCATLIB</subfield>
    <subfield code="b">CCATLIB</subfield>
    <subfield code="c">F</subfield>
    <subfield code="d">2023-03-13</subfield>
    <subfield code="e">Purchased from Edric Publishing House</subfield>
    <subfield code="f">F</subfield>
    <subfield code="g">480.00</subfield>
    <subfield code="l">4</subfield>
    <subfield code="m">3</subfield>
    <subfield code="o">F NX 280 G73 2022</subfield>
    <subfield code="p">R0013171</subfield>
    <subfield code="r">2026-02-18 00:00:00</subfield>
    <subfield code="s">2026-02-06</subfield>
    <subfield code="t">c.2</subfield>
    <subfield code="w">2023-03-27</subfield>
    <subfield code="y">BK</subfield>
  </datafield>
  <datafield tag="952" ind1=" " ind2=" ">
    <subfield code="0">0</subfield>
    <subfield code="1">0</subfield>
    <subfield code="2">lcc</subfield>
    <subfield code="4">0</subfield>
    <subfield code="7">0</subfield>
    <subfield code="8">NF</subfield>
    <subfield code="a">CCATLIB</subfield>
    <subfield code="b">CCATLIB</subfield>
    <subfield code="c">F</subfield>
    <subfield code="d">2023-03-13</subfield>
    <subfield code="e">Purchased from Edric Publishing House</subfield>
    <subfield code="f">F</subfield>
    <subfield code="g">480.00</subfield>
    <subfield code="l">1</subfield>
    <subfield code="m">4</subfield>
    <subfield code="o">F NX 280 G73 2022</subfield>
    <subfield code="p">R0013172</subfield>
    <subfield code="q">2026-05-04</subfield>
    <subfield code="r">2026-02-19 03:07:31</subfield>
    <subfield code="s">2026-02-19</subfield>
    <subfield code="t">c.3</subfield>
    <subfield code="w">2023-03-27</subfield>
    <subfield code="y">BK</subfield>
  </datafield>
  <datafield tag="952" ind1=" " ind2=" ">
    <subfield code="0">0</subfield>
    <subfield code="1">0</subfield>
    <subfield code="2">lcc</subfield>
    <subfield code="4">0</subfield>
    <subfield code="7">0</subfield>
    <subfield code="8">NF</subfield>
    <subfield code="a">CCATLIB</subfield>
    <subfield code="b">CCATLIB</subfield>
    <subfield code="c">F</subfield>
    <subfield code="d">2023-03-13</subfield>
    <subfield code="e">Purchased from Edric Publishing House</subfield>
    <subfield code="f">F</subfield>
    <subfield code="g">480.00</subfield>
    <subfield code="l">1</subfield>
    <subfield code="o">F NX 280 G73 2022</subfield>
    <subfield code="p">R0013173</subfield>
    <subfield code="r">2026-02-18 00:00:00</subfield>
    <subfield code="s">2026-02-04</subfield>
    <subfield code="t">c.4</subfield>
    <subfield code="w">2023-03-27</subfield>
    <subfield code="y">BK</subfield>
  </datafield>
</record>
